কৃষ্ণকান্তের উইল ও বঙ্কিম / (Record no. 49591)
[ view plain ]
| 000 -LEADER | |
|---|---|
| fixed length control field | 00894nam a2200229 a 4500 |
| 001 - CONTROL NUMBER | |
| control field | 49591 |
| 003 - CONTROL NUMBER IDENTIFIER | |
| rucl marc code | BD-RjUL |
| 005 - DATE AND TIME OF LATEST TRANSACTION | |
| control field | 20211209054711.0 |
| 008 - FIXED-LENGTH DATA ELEMENTS--GENERAL INFORMATION | |
| fixed length control field | 160821s1973 bg ||||| |||| 00| j ben d |
| 020 ## - INTERNATIONAL STANDARD BOOK NUMBER | |
| Terms of availability | : Tk. 5.00 |
| 035 ## - SYSTEM CONTROL NUMBER | |
| System control number | (BD-RjUL) 49710 |
| 040 ## - CATALOGING SOURCE | |
| Original cataloging agency | BD-RjUL |
| Language of cataloging | ben |
| Transcribing agency | BD-RjUL |
| 041 ## - LANGUAGE CODE | |
| Language code of text/sound track or separate title | ben |
| 082 ## - DEWEY DECIMAL CLASSIFICATION NUMBER | |
| Edition number | 23 |
| Classification number | 891.44309 |
| Author mark and year | ALK 1973 |
| 100 1# - MAIN ENTRY--PERSONAL NAME | |
| Personal name | আলী, মোহাম্মদ ইদরিস |
| 9 (RLIN) | 148724 |
| 245 10 - TITLE STATEMENT | |
| Title | কৃষ্ণকান্তের উইল ও বঙ্কিম / |
| Statement of responsibility, etc. | মোহাম্মদ ইদরিস আলী |
| 260 ## - PUBLICATION, DISTRIBUTION, ETC. (IMPRINT) | |
| Place of publication, distribution, etc. | ঢাকা : |
| Name of publisher, distributor, etc. | বাঙলা একাডেমী, |
| Date of publication, distribution, etc. | ১৯৭৩ |
| 300 ## - PHYSICAL DESCRIPTION | |
| Pagination | ১৪০ পৃ. ; |
| Size | ২১ সেমি. |
| 650 ## - SUBJECT ADDED ENTRY--TOPICAL TERM | |
| Topical term or geographic name as entry element | বাংলা উন্যাস |
| General subdivision | ইতিহাস ও সমালোচনা |
| 9 (RLIN) | 148725 |
| Topical term or geographic name as entry element | Bengali Fiction |
| General subdivision | History and Criticism |
| 9 (RLIN) | 118845 |
| 942 ## - ADDED ENTRY ELEMENTS (KOHA) | |
| Source of classification or shelving scheme | Dewey Decimal Classification |
| Koha item type | Books |
| Lost status | Source of classification or shelving scheme | Damaged status | Not for loan | Collection code | Permanent Location | Current Location | Shelving location | Date acquired | Source of acquisition | Cost, normal purchase price | Total Checkouts | Full call number | Date last seen | Copy number | Koha item type |
|---|---|---|---|---|---|---|---|---|---|---|---|---|---|---|---|
| Dewey Decimal Classification | Fiction | Central Library, University of Rajshahi | Central Library, University of Rajshahi | 21/03/1977 | Eureka Book Agency | 5.00 | B 891.44309 ALK 1973 | 21/08/2016 | C-2 | Books | |||||
| Dewey Decimal Classification | Not For Loan | Fiction | Central Library, University of Rajshahi | Central Library, University of Rajshahi | Reading Room | 21/03/1977 | Youreka book agency, Rajshahi. | 5.00 | B 891.44309 ALK 1973 | 10/12/2016 | C-1 | Books | |||
| Dewey Decimal Classification | Fiction | Central Library, University of Rajshahi | Central Library, University of Rajshahi | 21/03/1977 | Ureka Book Akademi, Rajshahi | 5.00 | B 891.44309 ALK 1973 | 31/12/2016 | C-3 | Books | |||||
| Dewey Decimal Classification | Non-fiction | Central Library, University of Rajshahi | Central Library, University of Rajshahi | 26/05/1973 | Mohiuddin Ahmed and Sons | 5.00 | B 891.44309 ALK 1973 | 03/05/2017 | C-4 | Books |